La Covid-19 - Choix Multiple - Statistiques

Statistiques générales
  • Ce quiz a été pris 84 fois
  • Le résultat moyen est 4 sur 15
Statistiques - réponses
Question Réponse % Correct
Quel determinent doit t-on mettre avant "Covid-19" ? La
86%
Quel est le record de cas recensé en 1 jour en France ? 86 852
57%
Quelle est la date du premier décès officiel en France ? 14 Février 2020
43%
Quel est le record de cas recensé en 1 jour dans le Monde ? 1 771 180
43%
Quelle est la date du premier cas recensé officiellement en France ? 27 Décembre 2019
43%
Quelle est la date du premier cas rencensé officiellement en Chine ? 17 Novembre 2020
29%
Qulle est la date du premier décès officiel dans le monde ? 11 Janvier 2020
14%
Quelle est la date du premeir déconfinement en France ? 11 Mai 2020
14%
Quelle est la date du premier confinement en France ? 17 Mars 2019
14%
Quelle est la date de la première administration du vaccin en France ? 26 Décembre 2020
14%
Quelle est la date du deuxième confinement en France 30 Octobre 2020
14%
Quelle est la date du premier cas du variant sud-africain recensé en France ? 31 Janvier 2020
14%
Quelle est la date du deuxième déconfinement en France ? 15 Décembre 2020
0%
Quelle est la date ou la France a atteint le million de cas confirmés ? 23 Octobre 2020
0%
Quelle est la date du premier cas du variant anglais recensé en France ? 25 Décembre 2020
0%
Aucun quiz correspondant
Distribution des résultats
% des personnes avec chaque résultat
Percentile par nombre de réponses
Votre historique - résultats
Vous n’avez pas pris ce quiz